Jean Renoir

Saved in:
Bibliografiske detaljer
Hovedforfatter: Leprohon, Pierre (Author)
Format: Bog
Sprog:fransk
Udgivet: París Seghers 1967
Serier:Cinéma d'Aujourd'Hui, 49
Fag:
Tags: Tilføj Tag
Ingen Tags, Vær først til at tagge denne postø!

MARC

LEADER 00000nam a2200000 a 4500
001 UCO5761
003 CL-VaPUC
008 000915e19670000FR |||||||||||||||||fre|d
082 0 4 |a 791.4309  |b LEP  |2 21 
100 |a Leprohon, Pierre  |e author  |9 602470 
245 1 0 |a Jean Renoir 
300 |a 191 p 
942 |c BK 
945 |d 20000915 00:00:00  |a crobeson 
260 |a París  |b Seghers  |c 1967 
600 0 7 |a RENOIR, JEAN  |2 CL-VaPUC  |9 450567 
650 0 |a Directores de cine  |9 368705 
650 7 |a REALIZADORES CINEMATOGRAFICOS  |2 CL-VaPUC  |9 355120 
650 7 |a CINE FRANCES  |2 CL-VaPUC  |9 413098 
650 0 |a Biografías  |9 255210 
583 |a last modification  |c 20000915 00:00:00  |k Rodrigo Vera 
490 0 |a Cinéma d'Aujourd'Hui, 49 
999 |c 291591  |d 291589 
952 |0 0  |1 0  |4 0  |6 791_430900000000000_LEP_1967  |7 0  |8 P  |9 341556  |a BIBART  |b BIBART  |d 2019-11-20  |i 1222309  |o 791.4309 LEP 1967  |p 1222309  |r 2025-03-13  |w 2019-11-20  |y BK  |k ART